000 00752nam a2200205Ia 4500
001 140653
003 232921
005 20240710105055.0
008 ||||||n9999 ||| || ||
082 _a363.2
110 _aGobernación de Caldas. Colombia
_953198
245 0 _aReglamento de policÍa y conviviencia ciudadana para el Departamento de Caldas
_bordenanza 468 de 2002 modificada por las ordenanzas 493 de 2004 y 584 de 2007
_cGobernación de Caldas
250 _aTercera edición
562 _e2
650 _aCONVIVENCIA--CALDAS (COLOMBIA)--REGLAMENTOS
_9172225
650 _aPOLICÍA--CALDAS (COLOMBIA)--REGLAMENTOS
_9172226
650 _aVIDA EN COMUNIDAD--CALDAS (COLOMBIA)--REGLAMENTOS
_9172227
942 _cBKM
999 _c140653
_d140653
526 _a4969